000
00236nam a22001097a 4500
082
_a
355.02 SHE'P
100
_a
SHEEHAN, NEIL
_9
79282
245
_a
THE PENTAGON PAPERS
260
_a
NEWYORK
_b
TIMES
_c
1971
300
_a
677P
942
_c
BK
999
_c
584337
_d
584337